El gato de sí mismo, de Uriel Quesada : Novela de la travestización literaria
Saved in:
| Main Author: | |
|---|---|
| Format: | Book |
| Language: | Undetermined |
| Published: |
San José, Costa Rica
Universidad de Costa Rica, Sistema de Estudios de Posgrado
2012
|
| Subjects: | |
| Tags: |
Add Tag
No Tags, Be the first to tag this record!
|
MARC
| LEADER | 00000nam a2200000Ia 4500 | ||
|---|---|---|---|
| 008 | 170316s9999 xx 000 0 und d | ||
| 040 | |a cru BVZT | ||
| 090 | |a TESIS 875 | ||
| 100 | |a Rojas González, José Pablo | ||
| 245 | |a El gato de sí mismo, de Uriel Quesada : Novela de la travestización literaria | ||
| 260 | |a San José, Costa Rica | ||
| 260 | |b Universidad de Costa Rica, Sistema de Estudios de Posgrado | ||
| 260 | |c 2012 | ||
| 300 | |a 192 páginas | ||
| 650 | |a TRABAJO FINAL DE GRADUACIÓN | ||
| 650 | |a SEP | ||
| 650 | |a MAESTRÍA ACADÉMICA EN LITERATURA LATINOAMERICANA | ||
| 650 | |a URIEL QUESADA - EL GATO DE SÍ MISMO | ||
| 650 | |a EL GATO DE SÍ MISMO - NOVELA DE LA TRAVESTIZACIÓN LITERARIA | ||
| 650 | |a MIJAIL BAJTÍN - LA NOVELA POLIFÓNICA | ||
| 650 | |a ROLAND BARTHES - TRAVESTISMO LITERARIO | ||
| 650 | |a DIDIER ERIBON - REFLEXIONES SOBRE LA CUESTIÓN GAY | ||
| 999 | |c 14535 |d 14535 | ||
| 942 | |c TFG |h TESIS 875 |2 z | ||
